书目信息 |
| 题名: |
计算机系统设计方法学
|
|
| 作者: | 刘宇航 , 包云岗 著 | |
| 分册: | ||
| 出版信息: | 北京 高等教育出版社 2022.04 |
|
| 页数: | 203页 | |
| 开本: | 24cm | |
| 丛书名: | ||
| 单 册: | ||
| 中图分类: | TP302.1 , TP302 | |
| 科图分类: | ||
| 主题词: | 电子计算机--dian zi ji suan ji--系统设计--方法 | |
| 电子资源: | ||
| ISBN: | 978-7-04-058437-0 | |
| 000 | 01188nam0 2200265 450 | |
| 001 | 2248969347 | |
| 005 | 20221004133648.00 | |
| 010 | @a978-7-04-058437-0@dCNY69.00 | |
| 100 | @a20220608d2022 em y0chiy50 ea | |
| 101 | 0 | @achi |
| 102 | @aCN@b110000 | |
| 105 | @aa a 000yy | |
| 200 | 1 | @a计算机系统设计方法学@Aji suan ji xi tong she ji fang fa xue@e历史-计算-数据-结构@f刘宇航, 包云岗著 |
| 210 | @a北京@c高等教育出版社@d2022.04 | |
| 215 | @a203页@c图@d24cm | |
| 314 | @a刘宇航, 中国科学院计算技术研究所副研究员, 硕士生导师, 研究方向为计算机体系结构、高性能计算、数据科学、存储系统、智能并发系统等。包云岗, 中国科学院计算技术研究所研究员, 博士生导师, 研究方向为计算机系统结构。 | |
| 320 | @a有书目 | |
| 330 | @a本书拓展了在国际上具有广泛影响力的计算思维, 从历史、计算、数据以及结构等维度论述新时代计算机设计方法学。全书共分十五部分, 主要内容包括: 新时代计算机设计方法学的四个思维角度 ; 新时代计算机领域面临的若干科学问题等。 | |
| 606 | 0 | @a电子计算机@Adian zi ji suan ji@x系统设计@x方法 |
| 690 | @aTP302.1@v5 | |
| 690 | @aTP302@v4 | |
| 701 | 0 | @a刘宇航@Aliu yu hang@4著 |
| 701 | 0 | @a包云岗@Abao yun gang@4著 |
| 801 | 0 | @aCN@b人天书店@c20220608 |
| 905 | @aZUCC@dTP302@e4 | |
| 计算机系统设计方法学:历史-计算-数据-结构/刘宇航, 包云岗著.-北京:高等教育出版社,2022.04 |
| 203页:图;24cm |
| ISBN 978-7-04-058437-0:CNY69.00 |
| 本书拓展了在国际上具有广泛影响力的计算思维, 从历史、计算、数据以及结构等维度论述新时代计算机设计方法学。全书共分十五部分, 主要内容包括: 新时代计算机设计方法学的四个思维角度 ; 新时代计算机领域面临的若干科学问题等。 |
| ● |
| 相关链接 |
|
|
|
正题名:计算机系统设计方法学
索取号:TP302/4
 
预约/预借
| 序号 | 登录号 | 条形码 | 馆藏地/架位号 | 状态 | 备注 |
| 1 | 2000910970 | 2000910970 | 第三书库/ [索取号:TP302/4] | 在馆 | |
| 2 | 2000910971 | 2000910971 | 第三书库/ [索取号:TP302/4] | 在馆 | |
| 3 | 2000910972 | 2000910972 | 第三书库/ [索取号:TP302/4] | 在馆 |